000 01319cam a22003617a 4500
003 CHAP
005 20220329142829.0
008 010920d2001 mx r 00110 spa d
010 _a88392
011 _a89364
035 _a99915
040 _cCHAP
090 _aTesis
100 0 0 _aNavarro Pérez del Moral, Erik.
_980586
245 1 0 _aComercializacion del maíz cacahuacintle de la región del Valle de Toluca
_c/por Erik Navarro Pérez del Moral
260 _aChapingo, Méx. :
_bEl autor,
_c2003.
300 _a97 h. :
_bilus.; gráfs.; mapas.; cuadros.
502 _aTesis ( Lic. en Administración de Empresas Agropecuarias) -- UACH. División de Ciencias Económico Administrativas.
590 _aALEPH
_b10
_c20130110
_lUCH01
_h1458
590 _aBATCH-UPD
_b10
_c20130110
_lUCH01
_h0712
590 _aBATCH-UPD
_b10
_c20130410
_lUCH01
_h0358
590 _aBATCH-UPD
_b10
_c20130914
_lUCH01
_h1756
590 _aCONVERSION
_b10
_c20130109
_lUCH01
_h1349
650 1 4 _aMaíz cacahuacintle.
_971105
650 1 4 _aMaíz
_xMercadeo.
_971007
650 1 4 _aMaíz
_xPrecios.
_971039
650 1 4 _aOferta y demanda.
_982790
901 _aBK
905 _aElisama A. H.
942 _cFOLL
949 _aTesis
_bBC
_cTES
_d33724000923108
_eTS2
_fc.2
_h41932
_i99915
_si
949 _aTesis
_bBC
_cTES
_d99915
_eTS1
_h41931
_i99915
_sb
999 _c88392
_d88392